28mm (Registro nro. 12188)
[ vista simple ]
| 000 -LEADER | |
|---|---|
| longitud fija campo de control | 01186nas a2200265 a 4500 |
| 003 - IDENTIFICADOR DE NUMERO DE CONTROL | |
| control del campo | AR-RoUNA |
| 022 ## - ISSN | |
| ISSN | 2796-8014 |
| 040 ## - ORIGEN DE LA CATALOGACION | |
| Agencia que cataloga la obra original | AR-RoUNA |
| 041 ## - CODIGO DE IDIOMA | |
| Codigo de idioma del texto / sonido o titulo separado | spa |
| 044 ## - CODIGO DE PAIS / ENTIDAD PRODUCTORA | |
| Codigo MARC del pais | ag |
| 245 10 - TITULO PROPIAMENTE DICHO | |
| Titulo | 28mm |
| Subtitulo | : Publicación de la Cátedra de Proyecto Arquitectónico |
| 260 ## - EDITORIAL - PUBLICACION, DISTRIBUCION, ETC. (Pie de imprenta) | |
| Lugar de publicacion, distribucion, etc | Rosario, Argentina, |
| Nombre del editor, distribuidor, etc | FAPyD |
| Fecha de publicacion | 2003- |
| 300 ## - DESCRIPCION FISICA | |
| Extension | s/n |
| Otros detalles fisicos | Cortes, |
| -- | fot. byn., |
| -- | plantas, |
| 500 ## - NOTA GENERAL | |
| Nota general | Desde el año 2002 la Revista 28mm expone los trabajos producidos en el Taller de Proyecto Arquitectónico I, Proyecto Arquitectónico II y Proyecto Final de Carrera [PFC] |
| 650 #4 - MATERIA - TERMINO TEMATICO | |
| Termino tematico general | Proyectos |
| 9 (RLIN) | 2783 |
| 650 #4 - MATERIA - TERMINO TEMATICO | |
| Termino tematico general | Obras |
| 650 #4 - MATERIA - TERMINO TEMATICO | |
| Termino tematico general | workshops |
| 9 (RLIN) | 2637 |
| 650 #4 - MATERIA - TERMINO TEMATICO | |
| Termino tematico general | Concursos |
| 9 (RLIN) | 232 |
| 651 #0 - MATERIA - NOMBRE GEOGRAFICO | |
| Termino geografico | Rosario (Santa Fe, Argentina) |
| 9 (RLIN) | 1246 |
| 856 #4 - LOCALIZACION ELECTRONICA Y ACCESO | |
| Identificador uniforme de recursos | <a href="https://rephip.unr.edu.ar/communities/83960e5d-64af-49f9-84bf-acaf1b3cab5c">https://rephip.unr.edu.ar/communities/83960e5d-64af-49f9-84bf-acaf1b3cab5c</a> |
| Texto de enlace | Repositorio Hipermedial |
| 866 #1 - EXISTENCIAS DE LA UNIDAD BIBLIOGRÁFICA BÁSICA | |
| Indice de existencias | (2002), (2007-2008), (2009-2010), (2010-2011), (2014-2020: nº6), (2021-2023: nº7), (2023-2024 nº8). |
| Nota pública | A partir del año 2014, la revista dejó de publicarse en formato impreso y actualmente se encuentra disponible únicamente en formato digital. |
| 942 ## - FUENTE DE CLASIFICACION | |
| Clasificacion | Universal Decimal Classification |
| Tipo de item | Recurso contínuo |
| 945 ## - INFORMACION DE PROCESAMIENTO | |
| Fecha de ingreso o modificacion | 2025-10-22 |
| 980 ## - EQUIVALENCE OR CROSS-REFERENCE-SERIES STATEMENT--PERSONAL NAME/TITLE [LOCAL, CANADA] | |
| Linkage | 3 |
| Personal name | Germán Grimolizzi |
| Field link and sequence number | |
| Miscellaneous information | CRON CRON |
| Estado retiro | Estado perdido | Sistema de clasificacion | Estado general | Biblioteca de origen | Ubicacion actual | Fecha de adquisicion | Prestamos totales | Fecha ultima visto | Precio efectivo a partir de | Tipo de elemento KOHA | Número de Kardex | Nota no publica |
|---|---|---|---|---|---|---|---|---|---|---|---|---|
| Disponible | Disponible | udc | No dañado | Arq. Hilarión H. Larguia | Arq. Hilarión H. Larguia | 22/10/2025 | 22/10/2025 | 22/10/2025 | Recurso contínuo | K360 |